| 000 | 00621nam a22001937a 4500 | ||
|---|---|---|---|
| 003 | LK-CoDNM | ||
| 005 | 20241104094017.0 | ||
| 008 | 241104b |||||||| |||| 00| 0 eng d | ||
| 040 |
_aLK-CoDNM _dLK-CoDNM _eLK-CoDNM |
||
| 041 | _asin | ||
| 080 |
_aප්ර.ස _b86 |
||
| 245 |
_a කවට කුරුල්ලා-1923 ජනවාරි _b1 වන කාණ්ඩය 1 කලාපය |
||
| 260 |
_aWaskaduwa _bK.V.B.Adicaram _c1923 |
||
| 300 | _a16p. : 21 cm | ||
| 490 | _vVolume 1 | ||
| 650 | _a කවට කුරුල්ලා-1923 ජනවාරි, | ||
| 650 | _aප්ර.ස86 | ||
| 942 | _cBK | ||
| 999 |
_c225822 _d225822 |
||